Analiza oferty specjalnych pakietów pobytowych i ich wykorzystania w obiekcie hotelarskim na przykładzie Royal Park Hotel & SPA w Mielnie / (Rekord nr 8257)
| 000 -ETYKIETA REKORDU | |
|---|---|
| podpole kontrolne o stałej długości | 00764nab a22001697i 4500 |
| 003 - IDENTYFIKATOR NUMERU KONTROLNEGO REKORDU | |
| podpole kontrolne | KOSZ 005 |
| 005 - DATA OSTATNIEJ MODYFIKACJI REKORDU | |
| podpole kontrolne | 20170424134753.0 |
| 008 - POLE O STAŁEJ DŁUGOŚCI - DANE KONTROLNE | |
| podpole kontrolne o stałej długości | 160308s2012 pl ||||| ||||0|| ||pol |
| 035 ## - NUMER SYSTEMOWY | |
| Numer systemowy przejętego rekordu | PBN-R:314475 |
| 040 ## - ŹRÓDŁO KATALOGOWANIA | |
| Instytucja, która utworzyła rekord | KOSZ 005/md |
| Instytucja, która sporządziła opis | PBN-ID |
| 041 0# - KOD JĘZYKA | |
| Kod języka tekstu | pol |
| 100 ## - NAZWA OSOBOWA | |
| Nazwa osobowa | BORZYSZKOWSKI, Jacek. |
| Lata pracy | 1999 - . |
| Instytucja | Politechnika Koszalińska - Instytut Ekonomii i Zarządzania, |
| Wydział | Zakład Turystyki |
| 245 10 - TYTUŁ/ODPOWIEDZIALNOŚĆ | |
| Tytuł | Analiza oferty specjalnych pakietów pobytowych i ich wykorzystania w obiekcie hotelarskim na przykładzie Royal Park Hotel & SPA w Mielnie / |
| Pozostałe elementy strefy tytułu i oznaczenia odpowiedzialności | Jacek Borzyszkowski, Sebastian Dudziak. |
| 260 ## - STREFA ADRESU WYDAWNICZEGO | |
| Data publikacji, dystrybucji/powstania dokumentu | 2012. |
| 773 08 - TYTUŁ DOKUMENTU MACIERZYSTEGO | |
| Wyrażenie wprowadzające | W : |
| Tytuł | Zeszyty Naukowe. Ekonomiczne Problemy Usług. - |
| Adres wydawniczy | Szczecin : Wydaw. Naukowe Uniwersytetu Szczecińskiego, 2012 |
| ISSN | 1896-382X |
| 942 ## - HASŁO DODATKOWE - ELEMENTY(KOHA) | |
| Typ dokumentu | Artykuł |
| Schemat klasyfikacji | Uniwersalna klasyfikacja dziesiętna |
Brak dostępnych egzemplarzy.
